000 00658aab a2200205 4500
001 768714001
003 CO-MdFUSB
005 20240702104802.0
008 170605s2003 cr ||||| |||| 00| 0 spa d
022 _a1659-0074
040 _aCO-MdFUSB
_bspa
_cCO-MdFUSB
_dCO-MdFUSB
041 _aspa
100 1 _aContreras, Serafín
_eautor
245 1 0 _aFormadora de hombres :
_bDorothy Buck
_c/ Serafín Contreras
300 _aVolumen 1. Número 2 (2003), Páginas 20-21
_c; 27 cm.
546 _aTexto en español
773 0 _tApuntes Mujer Líder
_049442
_960152
_gVolumen 1. Número 2 (2003), Páginas 20-21
_qPágina 20
942 _cANA
945 _aJTF-925
999 _c60735
_d60735